| 000 | 00507nam a22001937a 4500 | ||
|---|---|---|---|
| 003 | IBSLLIB | ||
| 005 | 20260514054730.0 | ||
| 008 | 260514b |||||||| |||| 00| 0 eng d | ||
| 020 | _a0738202754 | ||
| 040 |
_aIBSLLIB _beng |
||
| 041 | _hEnglish | ||
| 082 |
_a332.1 _bMAR |
||
| 100 | _aMartin , Justin | ||
| 245 |
_aGreenspan _bThe Man Behind Money |
||
| 260 |
_aCambridge , Massachusetts : _bPerseus Publishing , _c2000 |
||
| 300 |
_a284 P ; _c24 cm |
||
| 650 | _aThe Man Behind Money | ||
| 942 | _cLBK | ||
| 999 |
_c22129 _d22129 |
||